Kỷ yếu hội nghị khoa học lần thứ 14 Phân ban kỹ thuật giao thông =Proceedings of the 14th conference on science & technology session of transportatio engine engineering

Kỷ niệm 15 năm thành lập khoa kỹ thuật giao thông 2000-2015; Nội dung gồm có 50 bài tham luận nghiên cứu về lĩnh vực kỹ thuật giao thông như: "Thiết kế hệ thống nước dằn trên tàu dịch vụ hỗ trợ giàn khoan; Ảnh hưởng của tần số đế...

ver descrição completa

Na minha lista:
Detalhes bibliográficos
Autor principal: Trường Đại học Bách Khoa
Formato: Livro
Idioma:Undetermined
Publicado em: TP. Hồ Chí Minh Đại học Quốc gia TP. Hồ Chí Minh 2015
Assuntos:
Acesso em linha:http://lrc.tdmu.edu.vn/opac/search/detail.asp?aID=2&ID=37954
Tags: Adicionar Tag
Sem tags, seja o primeiro a adicionar uma tag!
Thư viện lưu trữ: Trung tâm Học liệu Trường Đại học Thủ Dầu Một
LEADER 01442nam a2200205Ia 4500
001 TDMU_37954
008 210410s9999 xx 000 0 und d
082 |a 660.6 
090 |b TR561 
100 |a Trường Đại học Bách Khoa 
245 0 |a Kỷ yếu hội nghị khoa học lần thứ 14 
245 0 |b Phân ban kỹ thuật giao thông =Proceedings of the 14th conference on science & technology session of transportatio engine engineering 
260 |a TP. Hồ Chí Minh 
260 |b Đại học Quốc gia TP. Hồ Chí Minh 
260 |c 2015 
300 |a 342tr 
520 |a Kỷ niệm 15 năm thành lập khoa kỹ thuật giao thông 2000-2015; Nội dung gồm có 50 bài tham luận nghiên cứu về lĩnh vực kỹ thuật giao thông như: "Thiết kế hệ thống nước dằn trên tàu dịch vụ hỗ trợ giàn khoan; Ảnh hưởng của tần số đến đáp ứng cơ học chu kỳ của vật liệu polyethylene; Đặc tính hình học và đặc tính hoạt động của chân vịt tàu thủy nội địa..." 
650 |a Kỷ yếu; Khoa học công nghệ  |x Kỹ thuật giao thông  |x Hội nghị khoa học  |v Kỷ yếu 
856 |u http://lrc.tdmu.edu.vn/opac/search/detail.asp?aID=2&ID=37954 
980 |a Trung tâm Học liệu Trường Đại học Thủ Dầu Một